|
|
|
|
| LEADER |
00000nam a2200000 a 4500 |
| 001 |
vtls008416826 |
| 003 |
SK-MaSNL |
| 005 |
20260301182011.0 |
| 008 |
240318s2004 ru o g 000 0 rus |
| 020 |
|
|
|a 5902667011
|q (viaz.)
|
| 040 |
|
|
|a SNK
|b slo
|c SNK
|e AACR2
|
| 041 |
0 |
|
|a rus
|a eng
|
| 043 |
|
|
|a e-ru---
|
| 044 |
|
|
|a ru
|c RU
|
| 072 |
|
7 |
|a 316.7
|x Sociológia kultúry. kultúrny život
|2 konspekt
|
| 080 |
|
|
|a 316.733+304.44
|2 2001
|
| 080 |
|
|
|a 316.72/.75
|2 2001
|
| 080 |
|
|
|a (470+571(
|2 2001
|
| 080 |
|
|
|a (084.12)
|2 2001
|
| 100 |
1 |
|
|a Daševskij, Michail,
|d 1935-
|4 aut
|9 555257
|
| 245 |
1 |
0 |
|a Zatonuvšeje vremja
|b Rossija, 1962-1992
|c Michail Daševskij
|
| 246 |
1 |
1 |
|a Sunken time
|b Russia, 1962-1992
|
| 260 |
|
|
|a [Moskva]
|b VEK
|c c2004
|
| 300 |
|
|
|a 187 s.
|b fotogr.
|c 31 cm
|
| 500 |
|
|
|a Súbež. tit. strana angl.
|
| 546 |
|
|
|a Súbež. text angl.
|
| 648 |
|
7 |
|a 1962-1992
|2 SNKPH
|9 555258
|
| 650 |
0 |
7 |
|a kultúra a spoločnosť
|2 SNKPH
|9 4083
|
| 651 |
|
7 |
|a Rusko
|2 SNKPH
|9 17250
|
| 655 |
|
7 |
|a fotografické publikácie
|2 SNKPH
|9 70483
|
| 919 |
|
|
|a 5-902667-01-1
|
| 999 |
|
|
|c 852066
|d 853996
|
| 952 |
|
|
|a SNK
|b SNK
|y VYP
|7 0
|p 17A0497944
|o snkIB 71069
|i snk2006/3768
|8 2
|g 24.90
|0 0
|1 0
|4 0
|d 2005-12-08
|l 0
|r 2026-02-24 04:45:11
|w 2026-02-24
|